| 000 | 00391cam a2200157ua 4500 | ||
|---|---|---|---|
| 041 |
_aeng _h |
||
| 082 |
_a631.84 _bKOR/NI |
||
| 100 | _aKorenkov, D A . | ||
| 245 |
_aNitrogen fertilizers / _cD A Korenkov. _hTextual Documents |
||
| 260 |
_aNew Delhi : _bOxonian Press Pvt Ltd , _c1976. |
||
| 300 | _a310 ; . | ||
| 500 | _aReference ** | ||
| 504 | _a | ||
| 942 | _cBK | ||
| 999 |
_c4759 _d4759 |
||